Programové vyhlásenie vlády a rozpočet
Politologické posolstvá parlamentných volieb. Marketingové predvolebné sľuby. Názory koaličných politických strán. Realistický program reagujúci na sociálnu situáciu väčšiny občanov SR. Zmeny a návrhy zákonov v súlade s programovým vyhlásením vlády.
Na minha lista:
| Autor principal: | |
|---|---|
| Formato: | Capítulo de Livro |
| Idioma: | eslovaco |
| Assuntos: | |
| Tags: |
Sem tags, seja o primeiro a adicionar uma tag!
|
MARC
| LEADER | 00000naa a2200000 4500 | ||
|---|---|---|---|
| 001 | 0117570 | ||
| 005 | 20231006123658.6 | ||
| 041 | 0 | |a slo | |
| 044 | |a SK | ||
| 245 | 1 | 0 | |a Programové vyhlásenie vlády a rozpočet |c Róbert Hölcz |
| 520 | |a Politologické posolstvá parlamentných volieb. Marketingové predvolebné sľuby. Názory koaličných politických strán. Realistický program reagujúci na sociálnu situáciu väčšiny občanov SR. Zmeny a návrhy zákonov v súlade s programovým vyhlásením vlády. | ||
| 610 | 2 | 0 | |a Slovensko |
| 610 | 2 | 0 | |a vláda |
| 610 | 2 | 0 | |a voľby |
| 610 | 2 | 0 | |a výsledky volebné |
| 610 | 2 | 0 | |a strany politické |
| 610 | 2 | 0 | |a programy vládne |
| 610 | 2 | 0 | |a reformy hospodárske |
| 610 | 2 | 0 | |a reformy sociálne |
| 610 | 2 | 0 | |a rozpočet štátny |
| 610 | 2 | 0 | |a zákony |
| 100 | 1 | |a Hölcz, Róbert | |